Catholic University of Zimbabwe Library
Online Public Access Catalogue
(OPAC)

Law and the liberal state (Record no. 30766)

MARC details
000 -LEADER
fixed length control field 03260nam a2200481Ia 4500
001 - CONTROL NUMBER
control field bslw09288402
003 - CONTROL NUMBER IDENTIFIER
control field UtOrBLW
005 - DATE AND TIME OF LATEST TRANSACTION
control field 20210303085104.0
006 - FIXED-LENGTH DATA ELEMENTS--ADDITIONAL MATERIAL CHARACTERISTICS
fixed length control field m o d
007 - PHYSICAL DESCRIPTION FIXED FIELD--GENERAL INFORMATION
fixed length control field cr un|||||||||
008 - FIXED-LENGTH DATA ELEMENTS--GENERAL INFORMATION
fixed length control field 141121s2014 enk o 000 0 eng d
020 ## - INTERNATIONAL STANDARD BOOK NUMBER
International Standard Book Number 9781784412388 (electronic bk.) :
Terms of availability £66.95 ; È89.95 ; $114.95
040 ## - CATALOGING SOURCE
Original cataloging agency UtOrBLW
050 #4 - LIBRARY OF CONGRESS CALL NUMBER
Classification number K370
Item number .L39 2014
072 #7 - SUBJECT CATEGORY CODE
Subject category code LAQ
Source bicssc
072 #7 - SUBJECT CATEGORY CODE
Subject category code LNA
Source bicssc
072 #7 - SUBJECT CATEGORY CODE
Subject category code LNDK
Source bicssc
072 #7 - SUBJECT CATEGORY CODE
Subject category code LAW000000
Source bisacsh
072 #7 - SUBJECT CATEGORY CODE
Subject category code LAW109000
Source bisacsh
072 #7 - SUBJECT CATEGORY CODE
Subject category code LAW068000
Source bisacsh
080 ## - UNIVERSAL DECIMAL CLASSIFICATION NUMBER
Universal Decimal Classification number 340.1
082 04 - DEWEY DECIMAL CLASSIFICATION NUMBER
Classification number 340.115
Edition number 23
245 00 - TITLE STATEMENT
Title Law and the liberal state
Medium [electronic resource] /
Statement of responsibility, etc. edited by Austin Sarat.
260 ## - PUBLICATION, DISTRIBUTION, ETC.
Place of publication, distribution, etc. Bingley, U.K. :
Name of publisher, distributor, etc. Emerald,
Date of publication, distribution, etc. 2014.
300 ## - PHYSICAL DESCRIPTION
Extent 1 online resource (x, 157 p.)
490 1# - SERIES STATEMENT
Series statement Studies in law, politics, and society,
International Standard Serial Number 1059-4337 ;
Volume/sequential designation v. 65
500 ## - GENERAL NOTE
General note Special issue.
505 0# - FORMATTED CONTENTS NOTE
Formatted contents note Trading truth for legitimacy in the liberal state : defending John Rawls's pragmatism / John P. Anderson -- The neoliberal state's Janus faces of law / Adelaide H. Villmoare, Peter G. Stillman -- Jury nullification : an illiberal defense of liberty / Timothy A. Delaune -- Gays in the military : towards a critical civil rights account / Susan Burgess -- Health care and the disembodied politics of American liberalism / Daniel Skinner -- Nomos and Native American narratives : the duality of law in the liberal state / Beau Breslin, Katherine Cavanaugh.
520 ## - SUMMARY, ETC.
Summary, etc. This special issue of Studies in law, politics and society focuses on law and the liberal state; presenting an interdisciplinary and multifaceted approach to analysis of law and liberty. The first chapters focus on laws direct relationship with the American liberal state. John P. Anderson defends John Rawl's pragmatism; Adelaide Villmoare and Peter Stillman consider the 'Janus faces of laws', a double vision of law where both sides of the face adhere to one another through neoliberalism; and Timothy Delaune examines jury nullification. The remaining chapters then go on to consider specific applications of the law within society. Susan Burgess provides a critical account of what implications the inclusion of gays in the US military has for understanding the means by which the liberal state uses law to include the previously excluded. Daniel Skinner then problematizes the body politics of American liberalism, as viewed through the lens of health policy and the final chapter from Beau Breslin and Katherine Cavanaugh explores how various legal and judicial policies have highlighted the clash between the states' imperial authority and Native American narratives.
588 0# - SOURCE OF DESCRIPTION NOTE
Source of description note Print version record
650 #7 - SUBJECT ADDED ENTRY--TOPICAL TERM
Topical term or geographic name entry element Law
General subdivision General.
Source of heading or term bisacsh
650 #7 - SUBJECT ADDED ENTRY--TOPICAL TERM
Topical term or geographic name entry element Law
General subdivision Government
-- General.
Source of heading or term bisacsh
650 #7 - SUBJECT ADDED ENTRY--TOPICAL TERM
Topical term or geographic name entry element Law
General subdivision Military.
Source of heading or term bisacsh
650 #7 - SUBJECT ADDED ENTRY--TOPICAL TERM
Topical term or geographic name entry element Law & society.
Source of heading or term bicssc
650 #7 - SUBJECT ADDED ENTRY--TOPICAL TERM
Topical term or geographic name entry element Legal system: general.
Source of heading or term bicssc
650 #7 - SUBJECT ADDED ENTRY--TOPICAL TERM
Topical term or geographic name entry element Military & defence law.
Source of heading or term bicssc
650 #0 - SUBJECT ADDED ENTRY--TOPICAL TERM
Topical term or geographic name entry element Sociological jurisprudence.
650 #0 - SUBJECT ADDED ENTRY--TOPICAL TERM
Topical term or geographic name entry element Neoliberalism.
700 1# - ADDED ENTRY--PERSONAL NAME
Personal name Sarat, Austin.
776 1# - ADDITIONAL PHYSICAL FORM ENTRY
International Standard Book Number 9781784412395
830 #0 - SERIES ADDED ENTRY--UNIFORM TITLE
Uniform title Studies in law, politics, and society ;
Volume/sequential designation v. 65.
856 40 - ELECTRONIC LOCATION AND ACCESS
Uniform Resource Identifier <a href="https://www.emerald.com/insight/publication/doi/10.1108/S1059-4337201465">https://www.emerald.com/insight/publication/doi/10.1108/S1059-4337201465</a>
Holdings
Withdrawn status Lost status Source of classification or shelving scheme Damaged status Not for loan Home library Current library Shelving location Date acquired Total Checkouts Full call number Date last seen Uniform Resource Identifier Price effective from Koha item type
          Digital Library Digital Library Online Access 03.03.2021   K370 .L39 2014 03.03.2021 https://www.emerald.com/insight/publication/doi/10.1108/S1059-4337201465 03.03.2021 eBook

OPENING HOURS

Weekdays: 0815hrs - 1800hrs
Weekends:0900hrs - 1200hrs

Closed for Mass:

Mon, Thur: 1200hrs - 1300hrs
Sunday & Public Holiday’s

CALL SUPPORT

0242-570570, 0242-570169
09200664, +263 8644140602

LOCATION

18443, Cranborne Avenue, Hatfield, Harare

Other Links


©2021 | CUZ Library